A turisztikai desztináció menedzsment szervezetek szerepe a vendégforgalom növelésében a Balaton turisztikai régióban
| Szerző: | |
|---|---|
| További közreműködők: | |
| Dokumentumtípus: | Diplomadolgozat |
| Kulcsszavak: | Menedzsment, desztinációs TDM szervezet Régió, Balaton Turizmus, Balaton Tihanyi Legenda Idegenforgalmi és Fejlesztési Közhasznú Nonprofit Kft. |
| Online Access: | http://dolgozattar.uni-bge.hu/59397 |
MARC
| LEADER | 00000nta a2200000 i 4500 | ||
|---|---|---|---|
| 001 | dolg59397 | ||
| 005 | 20260114140308.0 | ||
| 008 | 260114suuuu hu om 000 hun d | ||
| 040 | |a BGE Dolgozattár Repozitórium |b hun | ||
| 041 | |a hu | ||
| 100 | 1 | |a Tamás Berta | |
| 245 | 1 | 2 | |a A turisztikai desztináció menedzsment szervezetek szerepe a vendégforgalom növelésében a Balaton turisztikai régióban |c Tamás Berta |h [elektronikus dokumentum] |
| 695 | |a Menedzsment, desztinációs | ||
| 695 | |a TDM szervezet | ||
| 695 | |a Régió, Balaton | ||
| 695 | |a Turizmus, Balaton | ||
| 695 | |a Tihanyi Legenda Idegenforgalmi és Fejlesztési Közhasznú Nonprofit Kft. | ||
| 700 | 1 | |a Remenyik Dr. Bulcsú |e ths | |
| 856 | 4 | 0 | |u http://dolgozattar.uni-bge.hu/59397/1/Tamas-Berta.pdf |z Dokumentum-elérés |